Movie Word Quintets XXI Quiz Stats

 Plays Quiz Updated Dec 19, 2019

Support Sporcle.
Go Orange.
Score 0/30 Timer 08:00
3 Plays Today
% Correct
Beauty and the Beast
99.7%
American Beauty
93.3%
Black Beauty
86.6%
Sleeping Beauty
86.1%
Days of Thunder
75.5%
G.I. Jane
73.7%
Panic Room
69.6%
28 Days Later
65%
X-Men: Days of Future Past
59.9%
Jane Eyre
57.3%
A Midsummer Night's Dream
44.6%
The Number 23
43.1%
What Ever Happened to Baby Jane?
42.7%
Fun with Dick and Jane
40.8%
I Am Number Four
35.7%
% Correct
Requiem for a Dream
35.4%
A Room with a View
34.6%
Lucky Number Slevin
32.7%
Boiler Room
23.9%
Marvin's Room
21.7%
What's Your Number?
20.3%
Green Room
16.8%
The Autopsy of Jane Doe
15.6%
Strange Days
14.6%
Dream House
13.7%
Sorry, Wrong Number
11.5%
The Next Three Days
11.1%
The Great Beauty
6.1%
Cassandra's Dream
4.8%
Arizona Dream
4.1%

You're not logged in!

Compare scores with friends on all Sporcle quizzes.
OR
Log In

From the Vault

Unique Capital & Country Beginnings

by wiggytitch

These capitals march to the beat of a different drum.
Remove Ads.
Support Sporcle.
Get the best of Sporcle when you Go Orange. This ad-free experience offers more features, more stats, and more fun while also helping to support Sporcle. Thank you for becoming a member.

Show Comments

Extras

Top Quizzes Today


Score Distribution

Your Account Isn't Verified!

In order to create a playlist on Sporcle, you need to verify the email address you used during registration. Go to your Sporcle Settings to finish the process.

Report this User

Report this user for behavior that violates our Community Guidelines.

Details: